| 000 | 00517nam a22002171c 4500 | ||
|---|---|---|---|
| 001 | a987689157 | ||
| 008 | 180312s1961 gw |||| 000u ger d | ||
| 041 | _ager | ||
| 100 | 1 | _aJelagin, Juri | |
| 240 | 1 | 0 | _aTaming of the arts |
| 245 | 0 | 0 | _aKunst und Künstler im Sowjetstaat |
| 264 |
_aHamburg : _bFischer, _c1961 |
||
| 300 | _a213 S. | ||
| 650 | 0 | _aKunst | |
| 650 | 0 | _aMusik | |
| 651 | 0 | _aSowjetunion | |
| 942 | _cMG | ||
| 040 | _cRU-10907106 | ||
| 003 | RU-10907106 | ||
| 999 |
_c49211 _d49211 |
||
| 490 | 0 | _aZähmung der Künste | |